00967cam a22002291 4500001001300000003000400013005001700017008004100034010001700075035001900092040001800111042001200129050001900141110004500160245019500205260004400400300003900444500001700483650004500500740017500545999001700720sa 67004000 DLC20260227112343.0780809s1951 ii ae f000 0 eng  asa 67004000  a(OCoLC)4123119 aDLCcMnUdDLC apremarc00aHE1783.I4bA541 aIndia (Republic).bRailway Inspectorate.10aRailway accidents;breport on the derailment of 1 down Calcutta Mail at mile 48/4-5 between Tada and Sullurupeta stations on the North East line of the M. & S. M. Railway on 3rd March, 1950. aDelhi,bManager of Publications,c1951. a28 p.billus., fold. plan.c34 cm. aCover title. 0aRailroad accidentszIndiavCase studies.0 aReport on the derailment of 1 down Calcutta Mail at mile 48/4-5 between Tada and Sullurupeta stations on the North East line of the M. & S. M. Railway on 3rd March, 1950. c74220d74220